|
|
|
|
| LEADER |
00000cas a2200000 a 4500 |
| 001 |
vtls008870909 |
| 003 |
SK-MaSNL |
| 005 |
20260228162248.0 |
| 008 |
061026c19919999xo mr|p 0 b0slo |
| 040 |
|
|
|a SNK
|b slo
|c SNK
|e AACR2
|
| 041 |
0 |
|
|a slo
|
| 044 |
|
|
|a xo
|c SK
|
| 080 |
|
|
|a (083.97)
|2 2011
|
| 080 |
|
|
|a 050
|2 2011
|
| 245 |
0 |
0 |
|a Bibiana Medzinárodný dom umenia pre deti
|
| 260 |
|
|
|a Bratislava
|b Bibiana
|c [1991]-
|
| 300 |
|
|
|a zv.
|c 21 cm
|
| 310 |
|
|
|a 1x mesačne
|
| 362 |
0 |
|
|a [Č. jan. (1991)]-
|
| 500 |
|
|
|a Od r. 2013 vychádza aj v anglickej mutácii
|
| 500 |
|
|
|a Podnázov od č. sept. 2002: programy ; od r. 2007: program
|
| 655 |
|
7 |
|a programy
|2 SNKPH
|9 70598
|
| 710 |
2 |
|
|a Bibiana, medzinárodný dom umenia pre deti
|4 pbl
|9 184243
|
| 775 |
0 |
|
|t Bibiana International House of Art for Children
|w vtls011768578
|
| 910 |
|
|
|a snk
|
| 999 |
|
|
|c 7334
|d 9264
|
| 952 |
|
|
|0 0
|1 0
|4 0
|7 0
|a SNK
|b SNK
|d 2009-04-15
|i snk2001/1213
|l 0
|o snkČSC 3300/1998
|p 17A0614143
|r 2026-02-21 19:42:08
|t č. jan.-dec.
|w 2026-02-21
|y PREZ
|
| 952 |
|
|
|0 0
|1 0
|4 0
|7 0
|a SNK
|b SNK
|d 2010-08-23
|i snk2001/1220
|l 0
|o snkČSC 3300/1993
|p 17A0668055
|r 2026-02-21 19:54:22
|t č. jan.-dec.
|w 2026-02-21
|y PREZ
|z Č. júl, aug. nevydané
|
| 952 |
|
|
|0 0
|1 0
|4 0
|7 0
|a SNK
|b SNK
|d 2006-05-23
|i snk2001/1217
|l 0
|o snkČSC 3300/1995
|p 17A0507964
|r 2026-02-21 19:58:35
|t č. jan.-okt., neúplné
|w 2026-02-21
|y PREZ
|z Chýba č. nov., dec.
|
| 952 |
|
|
|0 0
|1 0
|4 0
|7 0
|8 0
|a SNK
|b SNK
|d 2022-04-04
|i snk2022/5157
|l 0
|o snkČSC 3300/2020
|p 17A1462538
|r 2026-02-21 20:01:26
|t č. jan.-dec., neúplné
|w 2026-02-21
|y PREZ
|z Chýba č. apr.-sept., nov., dec.
|
| 952 |
|
|
|0 0
|1 0
|4 0
|7 0
|a SNK
|b SNK
|d 2011-03-09
|i snkČSP 3785/99
|l 0
|o snkČSC 3300/1996 D1
|p 17A0693798
|r 2026-02-21 20:05:43
|t č. jan.-dec.
|w 2026-02-21
|y PREZ
|
| 952 |
|
|
|0 0
|1 0
|4 0
|7 0
|a SNK
|b SNK
|d 2006-10-07
|i snkČSP 3784/99
|l 0
|o snkČSC 3300/1996
|p 17A0523380
|r 2026-02-21 20:18:26
|t č. jan.-dec.
|w 2026-02-21
|y PREZ
|
| 952 |
|
|
|0 0
|1 0
|3 rekatalogizácia
|4 0
|7 0
|a SNK
|b SNK
|d 2007-11-19
|i snk2001/1216
|l 0
|o snkČSC 3300/1997 D1
|p 17A0568366
|r 2026-02-21 20:21:12
|t č. jan.-dec.
|w 2026-02-21
|y PREZ
|
| 952 |
|
|
|0 0
|1 0
|4 0
|7 0
|a SNK
|b SNK
|d 2011-09-07
|i snk2001/1223
|l 0
|o snkČSC 3300/1991
|p 17A0709223
|r 2026-02-21 20:22:28
|t č. jan.-nov., neúplné
|w 2026-02-21
|y PREZ
|z Chýba č. júl, aug., okt., dec.
|
| 952 |
|
|
|0 0
|1 0
|4 0
|7 0
|a SNK
|b SNK
|d 2011-09-07
|i snk2001/1222
|l 0
|o snkČSC 3300/1992
|p 17A0709222
|r 2026-02-21 20:22:28
|t č. jan.-dec.
|w 2026-02-21
|y PREZ
|
| 952 |
|
|
|0 0
|1 0
|4 0
|7 0
|a SNK
|b SNK
|d 2011-09-07
|i snk2001/1218
|l 0
|o snkČSC 3300/1994
|p 17A0709221
|r 2026-02-21 20:22:28
|t č. feb.-dec., neúplné
|w 2026-02-21
|y PREZ
|z Chýba č. jan., sept.; č. júl, aug. nevydané
|
| 952 |
|
|
|0 0
|1 0
|4 0
|7 0
|a SNK
|b SNK
|d 2011-09-07
|i snk2001/1215
|l 0
|o snkČSC 3300/1997
|p 17A0709220
|r 2026-02-21 20:22:28
|t č. jan.-dec.
|w 2026-02-21
|y PREZ
|
| 952 |
|
|
|0 0
|1 0
|4 0
|7 0
|a SNK
|b SNK
|d 2011-09-07
|i snk2001/1214
|l 0
|o snkČSC 3300/1998 D1
|p 17A0709219
|r 2026-02-21 20:22:28
|t č. jan.-dec.
|w 2026-02-21
|y PREZ
|
| 952 |
|
|
|0 0
|1 0
|3 rekatalogizácia
|4 0
|7 0
|a SNK
|b SNK
|d 2007-09-27
|i snk2001/1221
|l 0
|o snkČSC 3300/1993 D1
|p 17A0560884
|r 2026-02-21 20:29:09
|t č. jan.-dec.
|w 2026-02-21
|y PREZ
|z Č. júl, aug. nevydané
|
| 952 |
|
|
|0 0
|1 0
|3 chýba č. 1, 7, 8, 9.
|4 0
|7 0
|a SNK
|b SNK
|d 2007-11-09
|i snk2001/1219
|l 0
|o snkČSC 3300/1994 D1
|p 17A0565744
|r 2026-02-21 21:22:51
|t č. feb.-dec., neúplné
|w 2026-02-21
|y PREZ
|z Chýba č. jan., sept.; č. júl, aug. nevydané
|
| 952 |
|
|
|0 0
|1 0
|4 0
|7 0
|8 0
|a SNK
|b SNK
|d 2020-09-25
|i snk2020/17111
|l 0
|o snkČSC 3300/2018
|p 17A1431548
|r 2026-02-21 22:16:07
|t č. jan.-dec.
|w 2026-02-21
|y PREZ
|
| 952 |
|
|
|0 0
|1 0
|4 0
|7 0
|8 0
|a SNK
|b SNK
|d 2020-09-25
|i snk2020/17112
|l 0
|o snkČSC 3300/2019
|p 17A1431549
|r 2026-02-21 22:16:07
|t č. jan.-dec.
|w 2026-02-21
|y PREZ
|
| 952 |
|
|
|0 0
|1 0
|4 0
|7 0
|8 0
|a SNK
|b SNK
|d 2018-07-24
|i snk2018/15735
|l 0
|o snkČSC 3300/1999
|p 17A1327499
|r 2026-02-21 22:19:50
|t č. jan.-dec.
|w 2026-02-21
|y PREZ
|
| 952 |
|
|
|0 0
|1 0
|4 0
|7 0
|8 0
|a SNK
|b SNK
|d 2018-07-24
|i snk2018/15738
|l 0
|o snkČSC 3300/2000
|p 17A1327500
|r 2026-02-21 22:19:50
|t č. jan.-dec., neúplné
|w 2026-02-21
|y PREZ
|z Chýba č. apríl
|
| 952 |
|
|
|0 0
|1 0
|4 0
|7 0
|8 0
|a SNK
|b SNK
|d 2018-07-24
|i snk2018/15739
|l 0
|o snkČSC 3300/2001
|p 17A1327501
|r 2026-02-21 22:19:50
|t č. jan.-dec., neúplné
|w 2026-02-21
|y PREZ
|z Chýba č. júl, august
|
| 952 |
|
|
|0 0
|1 0
|4 0
|7 0
|8 0
|a SNK
|b SNK
|d 2018-07-24
|i snk2018/15740
|l 0
|o snkČSC 3300/2002
|p 17A1327502
|r 2026-02-21 22:19:52
|t č. jan.-dec., neúplné
|w 2026-02-21
|y PREZ
|z Chýba č. máj, júl, august
|
| 952 |
|
|
|0 0
|1 0
|4 0
|7 0
|8 0
|a SNK
|b SNK
|d 2018-07-24
|i snk2018/15742
|l 0
|o snkČSC 3300/2003
|p 17A1327503
|r 2026-02-21 22:19:52
|t č. jan.-dec., neúplné
|w 2026-02-21
|y PREZ
|z Chýba č. jún
|
| 952 |
|
|
|0 0
|1 0
|4 0
|7 0
|8 0
|a SNK
|b SNK
|d 2018-07-24
|i snk2018/15747
|l 0
|o snkČSC 3300/2004
|p 17A1327504
|r 2026-02-21 22:19:53
|t č. jan.-dec., neúplné
|w 2026-02-21
|y PREZ
|z Chýba č. jan., febr., máj, jún, júl, aug., sept.
|
| 952 |
|
|
|0 0
|1 0
|4 0
|7 0
|8 0
|a SNK
|b SNK
|d 2018-07-24
|i snk2018/15748
|l 0
|o snkČSC 3300/2005
|p 17A1327505
|r 2026-02-21 22:19:53
|t č. jan.-dec., neúplné
|w 2026-02-21
|y PREZ
|z Chýba č. jan., febr., apr., júl, aug., sept., okt., nov.
|
| 952 |
|
|
|0 0
|1 0
|4 0
|7 0
|8 0
|a SNK
|b SNK
|d 2018-07-24
|i snk2018/15750
|l 0
|o snkČSC 3300/2006
|p 17A1327506
|r 2026-02-21 22:19:53
|t č. jan.-dec., neúplné
|w 2026-02-21
|y PREZ
|z Chýba č. jan., mar., jún, sept.
|
| 952 |
|
|
|0 0
|1 0
|4 0
|7 0
|8 0
|a SNK
|b SNK
|d 2018-07-24
|i snk2018/15751
|l 0
|o snkČSC 3300/2007
|p 17A1327507
|r 2026-02-21 22:19:53
|t č. jan.-dec., neúplné
|w 2026-02-21
|y PREZ
|z Chýba č. jan., febr.
|
| 952 |
|
|
|0 0
|1 0
|4 0
|7 0
|8 0
|a SNK
|b SNK
|d 2018-07-24
|i snk2018/15753
|l 0
|o snkČSC 3300/2008
|p 17A1327508
|r 2026-02-21 22:19:53
|t č. jan.-dec.
|w 2026-02-21
|y PREZ
|
| 952 |
|
|
|0 0
|1 0
|4 0
|7 0
|8 0
|a SNK
|b SNK
|d 2018-07-24
|i snk2018/15755
|l 0
|o snkČSC 3300/2009
|p 17A1327509
|r 2026-02-21 22:19:53
|t č. jan.-dec.
|w 2026-02-21
|y PREZ
|
| 952 |
|
|
|0 0
|1 0
|4 0
|7 0
|8 0
|a SNK
|b SNK
|d 2018-07-24
|i snk2018/15756
|l 0
|o snkČSC 3300/2010
|p 17A1327510
|r 2026-02-21 22:19:53
|t č. jan.-dec., neúplné
|w 2026-02-21
|y PREZ
|z Chýba č. máj, jún
|
| 952 |
|
|
|0 0
|1 0
|4 0
|7 0
|8 0
|a SNK
|b SNK
|d 2018-07-24
|i snk2018/15757
|l 0
|o snkČSC 3300/2011
|p 17A1327511
|r 2026-02-21 22:19:53
|t č. jan.-dec., neúplné
|w 2026-02-21
|y PREZ
|z Chýba č. mar., apr., sept.
|
| 952 |
|
|
|0 0
|1 0
|4 0
|7 0
|8 0
|a SNK
|b SNK
|d 2018-07-24
|i snk2018/15760
|l 0
|o snkČSC 3300/2012
|p 17A1327512
|r 2026-02-21 22:19:53
|t č. jan.-dec., neúplné
|w 2026-02-21
|y PREZ
|z Chýba č. november
|
| 952 |
|
|
|0 0
|1 0
|4 0
|7 0
|8 0
|a SNK
|b SNK
|d 2018-07-24
|i snk2018/15761
|l 0
|o snkČSC 3300/2013
|p 17A1327513
|r 2026-02-21 22:19:53
|t č. jan.-dec., neúplné
|w 2026-02-21
|y PREZ
|z Chýba č. máj
|
| 952 |
|
|
|0 0
|1 0
|4 0
|7 0
|8 0
|a SNK
|b SNK
|d 2018-07-24
|i snk2018/15763
|l 0
|o snkČSC 3300/2014
|p 17A1327514
|r 2026-02-21 22:19:53
|t č. jan.-dec.
|w 2026-02-21
|y PREZ
|
| 952 |
|
|
|0 0
|1 0
|4 0
|7 0
|8 0
|a SNK
|b SNK
|d 2018-07-24
|i snk2018/15766
|l 0
|o snkČSC 3300/2015
|p 17A1327515
|r 2026-02-21 22:19:53
|t č. jan.-dec., neúplné
|w 2026-02-21
|y PREZ
|z Chýba č. október
|
| 952 |
|
|
|0 0
|1 0
|4 0
|7 0
|8 0
|a SNK
|b SNK
|d 2018-07-24
|i snk2018/15767
|l 0
|o snkČSC 3300/2016
|p 17A1327516
|r 2026-02-21 22:19:53
|t č. jan.-dec.
|w 2026-02-21
|y PREZ
|
| 952 |
|
|
|0 0
|1 0
|4 0
|7 0
|8 0
|a SNK
|b SNK
|d 2018-07-24
|i snk2018/15768
|l 0
|o snkČSC 3300/2017
|p 17A1327517
|r 2026-02-21 22:19:53
|t č. jan.-dec.
|w 2026-02-21
|y PREZ
|